000 00306nam a2200109Ia 4500
008 171211s9999 xx 000 0 und d
245 _aTransfer Prices and Management Accounting
245 _cPeter Schuster
260 _c2015
650 _xECONOMICS
856 _uhttp://down.ebook777.com/062/3319147498.pdf
999 _c349595
_d349595